MARC details
| 000 -LEADER |
| campo de control de longitud fija |
02469mam a2200361 a 4500 |
| 001 - NÚMERO DE CONTROL |
| campo de control |
2329618 |
| 005 - FECHA Y HORA DE LA ÚLTIMA TRANSACCIÓN |
| campo de control |
20220326193309.0 |
| 008 - DATOS DE LONGITUD FIJA--INFORMACIÓN GENERAL |
| campo de control de longitud fija |
990416s1998 sp 000 0 eng d |
| 020 ## - NÚMERO INTERNACIONAL ESTÁNDAR DEL LIBRO |
| Número Internacional Estándar del Libro |
8448218574 |
| 035 ## - NÚMERO DE CONTROL DEL SISTEMA |
| Número de control de sistema |
(OCoLC)ocm41181457 |
| 035 ## - NÚMERO DE CONTROL DEL SISTEMA |
| Número de control de sistema |
(NNC)2329618 |
| 040 ## - FUENTE DE CATALOGACIÓN |
| Centro catalogador/agencia de origen |
CUS |
| Centro/agencia transcriptor |
CUS |
| Centro/agencia modificador |
PL# |
| -- |
NNC |
| 041 0# - CÓDIGO DE IDIOMA |
| Código de lengua del texto/banda sonora o título independiente |
engspa |
| 082 ## - NÚMERO DE LA CLASIFICACIÓN DECIMAL DEWEY |
| Número de clasificación |
708 |
| Número de ítem |
A161b |
| 090 ## - LOCALMENTE ASIGNADO TIPO-LC NÚMERO DE CLASIFICACIÓN (OCLC); NÚMERO DE CLASIFICACIÓN LOCAL (RLIN) |
| Número de clasificación (OCLC) (R) ; Numero de clasificación, CALL (RLIN) (NR) |
N7253.A27 |
| Número cutter local (OCLC) ; Número de libro/Signatura topográfica íntegra, CALL (RLIN) |
A4 1998 |
| 100 1# - ENTRADA PRINCIPAL--NOMBRE DE PERSONA |
| Nombre de persona |
Abramović, Marina. |
| 9 (RLIN) |
1940 |
| 245 14 - MENCIÓN DEL TÍTULO |
| Título |
The bridge = |
| Resto del título |
El puente : Marina Abramović, exposición retrospectiva / |
| Mención de responsabilidad, etc. |
[textos/texts, Pablo J. Rico, Marina Abramović, Thomas Wulffen]. |
| 246 31 - FORMA VARIANTE DEL TITULO |
| Título propio/Titulo breve |
Puente |
| 246 30 - FORMA VARIANTE DEL TITULO |
| Título propio/Titulo breve |
Marina Abramović |
| 260 ## - PUBLICACIÓN, DISTRIBUCIÓN, ETC. |
| Lugar de publicación, distribución, etc. |
Valencia : |
| Nombre del editor, distribuidor, etc. |
Editado por/published by Consorci de Museus de la Comunitat Valenciana ; |
| Lugar de publicación, distribución, etc. |
Milano : |
| Nombre del editor, distribuidor, etc. |
Distribución internacional/International distribution, Charta, |
| Fecha de publicación, distribución, etc. |
c1998. |
| 300 ## - DESCRIPCIÓN FÍSICA |
| Extensión |
269 p. : |
| Otras características físicas |
ill. (some col.) ; |
| Dimensiones |
25 cm. |
| 500 ## - NOTA GENERAL |
| Nota general |
"The Hunt / La Caza," Sala La Gallera, Valencia, 16.VI-14.VIII/1998; "Biography / Biografía," Teatro Rialto, Valencia, 18.VI. 1998; "Artist Body Public Body / Cuerpo Artistico - Cuerpo Público," Lonja del Pescado, Alicante, 20.VI-27.VI/1998; "Video-anthology of Performances with Ulay / Video-antología de Performances con Ulay," Filmoteca de la Generalitat Valenciana, 17-18.VI. 1998." |
| 500 ## - NOTA GENERAL |
| Nota general |
Published to coincide with the exhibitions by Marina Abramović in Valencia and Alicante during the summer of 1998, containing works from 1972-1998. |
| 505 ## - NOTA DE CONTENIDO CON FORMATO |
| Título |
Presentaciones |
| -- |
Marina Abramovic: "the Bridge" the representation of a story in permanent transition |
| Mención de responsabilidad |
Pablo J. Rico |
| Título |
The bridge |
| -- |
On bridge, travelling, mirror and silence.. In Amsterdam. Interview with Marina Abramovic (April, 1998) |
| -- |
works 1970 - 1998 |
| -- |
Transitory objects |
| -- |
Objects for human use |
| -- |
Objects for non-human use |
| -- |
Power objects |
| -- |
Objects |
| -- |
Photo Works |
| -- |
Performance edition 1970-75 |
| -- |
polaroid works With Ulay |
| -- |
china editions |
| -- |
Video Installations |
| -- |
Works in progress-the Biography |
| Mención de responsabilidad |
Pablo J. Rico |
| Título |
Thoughts on Marina Abramovic "biography " |
| Mención de responsabilidad |
Thomas Wulffen |
| Título |
The Biography |
| -- |
spirit cooking |
| -- |
the hunt |
| -- |
Biography |
| -- |
artist body- public body |
| Mención de responsabilidad |
Marina Abramovic |
| 546 ## - NOTA DE IDIOMA |
| Nota de lengua/lenguaje |
Text in English and Spanish. |
| 600 10 - PUNTO DE ACCESO ADICIONAL DE MATERIA--NOMBRE DE PERSONA |
| Nombre de persona |
Abramović, Marina |
| Subdivisión de forma |
Exhibitions. |
| 9 (RLIN) |
1941 |
| 600 10 - PUNTO DE ACCESO ADICIONAL DE MATERIA--NOMBRE DE PERSONA |
| Nombre de persona |
Abramović, Marina |
| Subdivisión de forma |
Interviews. |
| 9 (RLIN) |
1942 |
| 650 #0 - PUNTO DE ACCESO ADICIONAL DE MATERIA--TÉRMINO DE MATERIA |
| Término de materia o nombre geográfico como elemento de entrada |
Installations (Art) |
| Subdivisión geográfica |
Spain. |
| 9 (RLIN) |
1943 |
| 653 ## - TÉRMINO DE INDIZACIÓN--NO CONTROLADO |
| Término no controlado |
Abramovic, Marina |
| -- |
Exposiciones. |
| 700 1# - ENTRADA AGREGADA--NOMBRE PERSONAL |
| Nombre de persona |
Rico Lacasa, Pablo J. |
| 9 (RLIN) |
1944 |
| 700 1# - ENTRADA AGREGADA--NOMBRE PERSONAL |
| Nombre de persona |
Wulffen, Thomas. |
| 9 (RLIN) |
1945 |